[Event "Haustmót Taflfélags Reykjavíkur 2015, B flokkur"]
[Site "Faxafen 12, Reykjavík"]
[Date "2015.09.13"]
[Round "1.1"]
[White "Sigurdsson, Snorri Thor"]
[Black "Thorsteinsdottir, Gudlaug"]
[Result "0-1"]
[BlackElo "1934"]
[EventDate "2015.09.13"]
[PlyCount "0"]
[WhiteElo "1956"]

1. d4 d5 2. Bf4 Nf6 3. e3 c5 4. c3 Nc6 5. Nd2 Bf5 6. Qb3 Qc8 7. Ngf3 e6 8. Be2
Be7 9. h3 h6 10. O-O c4 11. Qd1 O-O 12. Ne5 b5 13. b3 a5 14. bxc4 bxc4 15. f3
a4 16. Nexc4 dxc4 17. e4 Bg6 18. Nxc4 Nd7 19. Qd2 f6 20. Nd6 Bxd6 21. Bxd6 Re8
22. Rab1 Na5 23. Rb4 e5 24. Bb5 Re6 25. dxe5 Nxe5 26. Bxe5 Rxe5 27. Bxa4 Bf7
28. Bb3 Rc5 29. Bxf7+ Kxf7 30. Rd4 Kg8 31. Rd1 Rxc3 32. Rd7 Qc5+ 33. Kh1 Rc8
34. Qd5+ Qxd5 35. R1xd5 R3c5 36. Rd3 Nc4 37. Rb7 Ne5 38. Ra3 R5c7 39. Rb5 Rc1+
40. Kh2 R1c2 41. Rb7 R8c7 42. Rxc7 Rxc7 43. h4 h5 44. Kh3 Rc2 45. g4 hxg4+ 46.
fxg4 Re2 47. g5 Rxe4 48. gxf6 gxf6 49. Kg3 Kg7 50. Ra6 f5 51. h5 f4+ 52. Kf2 f3
53. Kf1 Nd3  0-1

[Event "Haustmót Taflfélags Reykjavíkur 2015, B flokkur"]
[Site "Faxafen 12, Reykjavík"]
[Date "2015.09.13"]
[Round "1.2"]
[White "Sigurjonsson, Siguringi"]
[Black "Hauksson, Hordur Aron"]
[Result "1-0"]
[BlackElo "1958"]
[EventDate "2015.09.13"]
[PlyCount "0"]
[WhiteElo "1989"]

1. Nf3 d5 2. c4 c6 3. e3 Nf6 4. Nc3 a6 5. d4 b5 6. cxd5 cxd5 7. Ne5 Bf5 8. g4
Bg6 9. h4 h6 10. Nxg6 fxg6 11. Bd3 Qd6 12. Bxg6+ Kd8 13. f4 Nc6 14. Qf3 Rc8 15.
Bd2 e6 16. h5 Be7 17. O-O Rf8 18. Rac1 Nd7 19. b3 Nb6 20. Qg2 Kd7 21. Ne2 Nb4
22. a3 Nc6 23. f5 e5 24. f6 Bxf6 25. Bf5+ Kd8 26. Bxc8 Nxc8  1-0

[Event "Haustmót Taflfélags Reykjavíkur 2015, B flokkur"]
[Site "Faxafen 12, Reykjavík"]
[Date "2015.09.13"]
[Round "1.3"]
[White "Jonsson, Olafur Gisli"]
[Black "Stefansson, Vignir Vatnar"]
[Result "0-1"]
[BlackElo "1921"]
[EventDate "2015.09.13"]
[PlyCount "0"]
[WhiteElo "1926"]

1. d4 Nf6 2. Nf3 e6 3. c4 b6 4. a3 Bb7 5. Nc3 d5 6. cxd5 Nxd5 7. Qc2 g6 8. Bg5
Be7 9. Bxe7 Nxe7 10. e4 O-O 11. Rd1 Nd7 12. Bc4 Nc8 13. O-O Nd6 14. Ba2 Qe7 15.
Rfe1 Rac8 16. Qd2 Rfd8 17. Qf4 c5 18. e5 Nf5 19. d5 exd5 20. Nxd5 Bxd5 21. Bxd5
Nf8 22. g4 Ng7 23. h4 Nfe6 24. Qh6 Qf8 25. h5 Ne8 26. Qe3 N8c7 27. Ba2 b5 28.
hxg6 hxg6 29. Kg2 c4 30. Bb1 Nd5 31. Qe4 Ndf4+ 32. Kg3 Rxd1 33. Rxd1 Qh6 34.
Ng1 g5 35. Bc2 Kg7 36. Kf3 c3 37. b3 Rh8 38. Ke3 Nc5 39. Qf5 Re8 40. Nf3 f6 41.
Rd6 a5 42. b4 axb4 43. axb4 Nce6 44. Rd7+ Kg8 45. Bb3 Qh1 46. Rd1 Qh7 47. Qxh7+
Kxh7 48. Bc2+ Kg8 49. Ke4 fxe5 50. Nxe5 Nf8 51. Kf5 Kg7 52. Ra1 Re7 53. Nc6
Rf7+ 54. Kxg5 N4e6+ 55. Kh4 Rxf2 56. Ra7+ Kf6 57. g5+ Nxg5 58. Nd4 Rf4+ 59. Kg3
Rxd4 60. Rb7 Ne4+ 61. Bxe4 Rxe4 62. Rb6+ Ne6 63. Rxb5 c2  0-1

[Event "Haustmót Taflfélags Reykjavíkur 2015, B flokkur"]
[Site "Faxafen 12, Reykjavík"]
[Date "2015.09.13"]
[Round "1.4"]
[White "Moller, Agnar T"]
[Black "Birkisson, Bjorn Holm"]
[Result "1/2-1/2"]
[BlackElo "1907"]
[EventDate "2015.09.13"]
[PlyCount "0"]
[WhiteElo "1854"]

1. Nf3 d5 2. c4 c6 3. b3 Nf6 4. g3 Bg4 5. Bg2 Nbd7 6. Bb2 e6 7. d3 Bxf3 8. Bxf3
Bd6 9. cxd5 exd5 10. Nc3 O-O 11. O-O Re8 12. Bg2 a5 13. Qc2 Nc5 14. e4 dxe4 15.
Nxe4 Ncxe4 16. dxe4 Be5 17. Rad1 Qe7 18. Bc1 Rad8 19. Be3 Ng4 20. Bc5 Bd6 21.
Bxd6 Rxd6 22. Rxd6 Qxd6 23. Rd1 Qe7 24. Qd2 Qc5 25. Qd4 Qxd4 26. Rxd4 Kf8 27.
f4 Ke7 28. Bf3 Nh6 29. Kf2 Rd8 30. Ke3 Rc8 31. Kd3 f6 32. h4 Nf7 33. Bg4 Rc7
34. a4 Nd8 35. Ke3 b6 36. Rd1 Nf7 37. Kd4 Nd8  1/2-1/2

[Event "Haustmót Taflfélags Reykjavíkur 2015, B flokkur"]
[Site "Faxafen 12, Reykjavík"]
[Date "2015.09.13"]
[Round "1.5"]
[White "Birkisson, Bardur Orn"]
[Black "Ragnarsson, Johann"]
[Result "0-1"]
[BlackElo "2033"]
[EventDate "2015.09.13"]
[PlyCount "0"]
[WhiteElo "1854"]

1. e4 c6 2. d4 d5 3. Nd2 dxe4 4. Nxe4 Bf5 5. Ng3 Bg6 6. h4 h6 7. Nf3 Nd7 8. h5
Bh7 9. Bd3 Bxd3 10. Qxd3 e6 11. Bd2 Qc7 12. O-O-O Ngf6 13. Kb1 Bd6 14. Ne4 Nxe4
15. Qxe4 O-O-O 16. c4 Nf6 17. Qe2 c5 18. Bc3 cxd4 19. Nxd4 a6 20. Nb3 Be7 21.
c5 Rxd1+ 22. Rxd1 Rd8 23. Rc1 Qd7 24. Nd4 Qd5 25. f3 Nxh5 26. c6 Bg5 27. cxb7+
Kxb7 28. Re1 Bf6 29. g4 Nf4 30. Qe4 g5 31. Nxe6 Qxe4+ 32. Rxe4 Nxe6 33. Bxf6
Rd3 34. Rb4+ Kc6 35. Ra4 Rxf3 36. Rxa6+ Kb5 37. Rxe6 fxe6 38. Bg7 Rf4 39. Bxh6
Rxg4 40. Kc2 Kc4 41. b3+ Kd4 42. a4 Rg2+ 43. Kd1 Kd3 44. Ke1 g4 45. a5 Ra2 46.
b4 g3 47. Kf1 Ke4 48. a6 Kf3 49. Bg7 Rxa6  0-1

[Event "Haustmót Taflfélags Reykjavíkur 2015, B flokkur"]
[Site "Faxafen 12, Reykjavík"]
[Date "2015.09.16"]
[Round "2.1"]
[White "Thorsteinsdottir, Gudlaug"]
[Black "Ragnarsson, Johann"]
[Result "1-0"]
[BlackElo "2033"]
[EventDate "2015.09.13"]
[PlyCount "0"]
[WhiteElo "1934"]

1. d4 d5 2. c4 e6 3. Nc3 Nf6 4. Bg5 Nbd7 5. e3 c6 6. Nf3 Qa5 7. Nd2 dxc4 8. Bxf6
Nxf6 9. Bxc4 Bb4 10. Qc2 e5 11. dxe5 Ng4 12. Nf3 Bf5 13. Bxf7+ Kf8 14. Qxf5
Bxc3+ 15. bxc3 Qxc3+ 16. Ke2 Qb2+ 17. Nd2 Nh6 18. Qf4 Rd8 19. Bb3+ Ke8 20. Rad1
Rf8 21. Qc4 Rxf2+ 22. Kxf2 Rxd2+ 23. Rxd2 Qxd2+ 24. Kf3  1-0

[Event "Haustmót Taflfélags Reykjavíkur 2015, B flokkur"]
[Site "Faxafen 12, Reykjavík"]
[Date "2015.09.16"]
[Round "2.2"]
[White "Birkisson, Bjorn Holm"]
[Black "Birkisson, Bardur Orn"]
[Result "1/2-1/2"]
[BlackElo "1854"]
[EventDate "2015.09.13"]
[PlyCount "0"]
[WhiteElo "1907"]

1. d4 Nf6 2. Bf4 d5 3. Nf3 c5 4. e3 Nc6 5. c3 Qb6 6. Qb3 c4 7. Qxb6 axb6 8. Na3
Ra5 9. Bc7 e6 10. Nc2 Kd7 11. Bg3 b5 12. a3 Ne4 13. Nd2 Nxd2 14. Kxd2 f6 15.
Be2 Bd6 16. Nb4 h5 17. Bxd6 Kxd6 18. h4 e5 19. f4 exf4 20. exf4 Ne7 21. Bf3 Bg4
22. Bxg4 hxg4 23. g3 Nf5 24. Rhg1 Raa8 25. Rae1 Rae8 26. Nc2 g6 27. Ne3 Nxe3
28. Rxe3 Rxe3 29. Kxe3 Re8+ 30. Kd2 g5 31. hxg5 fxg5 32. fxg5 Rg8 33. Rh1 Rxg5
34. Rh6+ Kc7 35. Rh4 Kd6 36. Ke3 Rg6 37. Ke2  1/2-1/2

[Event "Haustmót Taflfélags Reykjavíkur 2015, B flokkur"]
[Site "Faxafen 12, Reykjavík"]
[Date "2015.09.16"]
[Round "2.3"]
[White "Stefansson, Vignir Vatnar"]
[Black "Moller, Agnar T"]
[Result "0-1"]
[BlackElo "1854"]
[EventDate "2015.09.13"]
[PlyCount "0"]
[WhiteElo "1921"]

1. d4 d5 2. c4 c6 3. Nf3 e6 4. e3 Bd6 5. Nbd2 f5 6. Bd3 Nf6 7. O-O O-O 8. b3 b6
9. Ne5 Bb7 10. cxd5 cxd5 11. Bb2 Qe7 12. Rc1 Rc8 13. f3 Nbd7 14. Qe2 Bb4 15.
Nb1 Qd8 16. a3 Be7 17. Nd2 Nxe5 18. dxe5 Nd7 19. e4 fxe4 20. fxe4 Nc5 21. exd5
Nxd3 22. Qxd3 Qxd5 23. Qxd5 Bxd5 24. b4 Bg5 25. Rxc8+ Rxc8 26. Nf3 Be3+ 27. Kh1
Rc2 28. Ba1 Ra2  0-1

[Event "Haustmót Taflfélags Reykjavíkur 2015, B flokkur"]
[Site "Faxafen 12, Reykjavík"]
[Date "2015.09.16"]
[Round "2.4"]
[White "Hauksson, Hordur Aron"]
[Black "Jonsson, Olafur Gisli"]
[Result "1-0"]
[BlackElo "1926"]
[EventDate "2015.09.13"]
[PlyCount "0"]
[WhiteElo "1958"]

1. d4 d5 2. c4 c6 3. Nc3 Nf6 4. Nf3 e6 5. Bg5 h6 6. Bh4 g5 7. Bg3 dxc4 8. e3 b5
9. a4 Bb4 10. Bxb8 Rxb8 11. Ne5 Bb7 12. h4 g4 13. Nxg4 Nxg4 14. Qxg4 a5 15. Rh3
Qd6 16. Qg7 Ke7 17. Rf3 Rbf8 18. Rf4 Ke8 19. g3 Ba6 20. Be2 h5 21. Rxf7 Rxf7
22. Qxh8+ Rf8 23. Bxh5+ Kd8 24. Qg7 Kc8 25. Kf1 Kb8 26. Kg1 Bb7 27. Bg6 Bxc3
28. bxc3 b4 29. h5 Ka7 30. h6 b3 31. h7 Qd8 32. Bf7 Qe7 33. Qg8 Rxg8 34. hxg8=Q
c5 35. Qe8 Qc7 36. Qxe6 cxd4 37. exd4 Ba6 38. Bg6 Bb7 39. Be4 Qb6 40. Bxb7 Qxb7
41. Qxc4  1-0

[Event "Haustmót Taflfélags Reykjavíkur 2015, B flokkur"]
[Site "Faxafen 12, Reykjavík"]
[Date "2015.09.16"]
[Round "2.5"]
[White "Sigurdsson, Snorri Thor"]
[Black "Sigurjonsson, Siguringi"]
[Result "1/2-1/2"]
[BlackElo "1989"]
[EventDate "2015.09.13"]
[PlyCount "0"]
[WhiteElo "1956"]

1. d4 d6 2. e4 Nf6 3. Nc3 e5 4. dxe5 dxe5 5. Qxd8+ Kxd8 6. Bc4 Ke8 7. Nge2 c6 8.
a4 a5 9. f3 Bc5 10. Nd1 Ke7 11. Be3 Nbd7 12. g4 h6 13. h4 g6 14. h5 Bxe3 15.
Nxe3 Nb6 16. hxg6 fxg6 17. g5 Nh5 18. gxh6 Rxh6 19. Bb3 Rh8 20. Rg1 Nf4 21.
Nxf4 exf4 22. Nd1 Rh6 23. Nf2 c5 24. c3 c4 25. Bc2 Be6 26. Rd1 Nd7 27. Rg5 Kf6
28. Rb5 b6 29. Rd6 Ke7 30. Rd4 Rb8 31. e5 Nc5 32. Rxf4 Bd7 33. Rxc4 Bxb5 34.
axb5 Rf8 35. Ke2 g5 36. Ke3 Rh2 37. Rg4 Ne6 38. Bb3 Rf5 39. Nd3 Rh3 40. Bd5 Nf4
41. Ke4 Nxd5 42. Kxf5 Ne3+ 43. Kxg5 Nxg4 44. Kxg4 Rh2 45. Kf5 Rd2 46. Ke4 a4
47. f4 Rxb2 48. Nxb2 a3 49. Nc4 a2 50. Nxb6 a1=Q 51. Nd5+ Kd8 52. b6 Qb1+ 53.
Kd4 Kd7 54. Kc5 Qg1+ 55. Kb5 Qb1+ 56. Kc5 Qg1+ 57. Kb5 Qb1+ 58. Kc5  1/2-1/2

[Event "Haustmót Taflfélags Reykjavíkur 2015, B flokkur"]
[Site "Faxafen 12, Reykjavík"]
[Date "2015.09.20"]
[Round "3.1"]
[White "Sigurjonsson, Siguringi"]
[Black "Thorsteinsdottir, Gudlaug"]
[Result "0-1"]
[BlackElo "1934"]
[EventDate "2015.09.13"]
[PlyCount "0"]
[WhiteElo "1989"]

1. Nf3 d5 2. c4 c6 3. e3 Nf6 4. Nc3 e6 5. b3 Bd6 6. Qc2 Nbd7 7. Bb2 O-O 8. Be2
a6 9. d4 dxc4 10. bxc4 c5 11. Rd1 cxd4 12. Nxd4 Qe7 13. O-O Nc5 14. h3 b6 15.
Bf3 Bb7 16. e4 Be5 17. Rfe1 Rac8 18. Ba3 Nfd7 19. Na4 Qf6 20. Nb3 Nxa4 21. Rxd7
Bc6 22. Ra7 Rfe8 23. Qe2 a5 24. c5 Nc3 25. Qe3 a4 26. Nc1 Bd4 27. e5 Bxe3 28.
exf6 Bxc5 29. Bxc5 bxc5 30. Bxc6 Rxc6 31. Re3 Nd5 32. Ra3 c4 33. R7xa4 gxf6 34.
Kf1 f5 35. Ke2 Kg7 36. Ra8 Rxa8 37. Rxa8 Rb6 38. Rc8 Rb2+ 39. Kf3 c3 40. a4 Rc2
41. Nb3 Ra2 42. Rc4 Ra3 43. Nc1 Nb6 44. Rc6 Nxa4 45. Ra6 c2+ 46. Kf4 Ra1 47.
Nb3 Rb1 48. Rxa4 Rxb3 49. Rc4 Rb4  0-1

[Event "Haustmót Taflfélags Reykjavíkur 2015, B flokkur"]
[Site "Faxafen 12, Reykjavík"]
[Date "2015.09.20"]
[Round "3.2"]
[White "Jonsson, Olafur Gisli"]
[Black "Sigurdsson, Snorri Thor"]
[Result "1/2-1/2"]
[BlackElo "1956"]
[EventDate "2015.09.13"]
[PlyCount "0"]
[WhiteElo "1926"]

1. d4 d5 2. c4 c6 3. Nf3 e6 4. Qb3 Nf6 5. Bg5 Nbd7 6. Nbd2 Qa5 7. O-O-O c5 8.
cxd5 exd5 9. e4 c4 10. Nxc4 dxc4 11. Bxc4 Qc7 12. Kb1 Nb6 13. Bb5+ Bd7 14. Rc1
Qb8 15. Ne5 Bxb5 16. Qxf7+ Kd8 17. Bxf6+ gxf6 18. Qxf6+ Ke8 19. Qxh8 Nd7 20.
Rhd1 Qd6 21. f4 Nf6 22. Rc5 a6 23. Nf3 Qxf4 24. Ka1 Bd7 25. Re5+ Kf7 26. h4 h6
27. Ng5+ hxg5 28. hxg5 Rc8 29. Qxf6+ Qxf6 30. gxf6 Kxf6 31. Rf1+ Kg6 32. a3 Bb5
33. Re6+ Kg7 34. Re1 Rc2 35. d5 Bc5 36. Kb1 Rxg2 37. Rd1 Ba4 38. Rc1 Bd4 39.
Rc7+ Kf8 40. e5 Rxb2+ 41. Kc1 Re2 42. Rc8+ Kf7 43. Rc7+ Kf8 44. Rc8+ Kf7 45.
Rc7+  1/2-1/2

[Event "Haustmót Taflfélags Reykjavíkur 2015, B flokkur"]
[Site "Faxafen 12, Reykjavík"]
[Date "2015.09.20"]
[Round "3.3"]
[White "Moller, Agnar T"]
[Black "Hauksson, Hordur Aron"]
[Result "1/2-1/2"]
[BlackElo "1958"]
[EventDate "2015.09.13"]
[PlyCount "0"]
[WhiteElo "1854"]

1. Nf3 b5 2. a4 b4 3. d4 Bb7 4. c3 e6 5. a5 Nf6 6. Bg5 h6 7. Bh4 c5 8. Nbd2 bxc3
9. bxc3 Be7 10. e3 a6 11. Bd3 O-O 12. O-O Bxf3 13. Qxf3 d5 14. e4 Nc6 15. exd5
Nxd5 16. Bxe7 Ncxe7 17. Qe4 Nf6 18. Qh4 cxd4 19. cxd4 Qd5 20. Bc4 Qg5 21. Qxg5
hxg5 22. Nf3  1/2-1/2

[Event "Haustmót Taflfélags Reykjavíkur 2015, B flokkur"]
[Site "Faxafen 12, Reykjavík"]
[Date "2015.09.20"]
[Round "3.4"]
[White "Birkisson, Bardur Orn"]
[Black "Stefansson, Vignir Vatnar"]
[Result "1/2-1/2"]
[BlackElo "1921"]
[EventDate "2015.09.13"]
[PlyCount "0"]
[WhiteElo "1854"]

1. e4 c5 2. Nf3 e6 3. d4 cxd4 4. Nxd4 Nc6 5. Nc3 Qc7 6. Be3 a6 7. Qd2 Nf6 8.
O-O-O Bb4 9. f3 O-O 10. g4 b5 11. g5 Ne8 12. h4 Bb7 13. h5 Rc8 14. Bf4 d6 15.
Nxc6 Qxc6 16. Be2 e5 17. Bg3 Bxc3 18. Qxc3 Qxc3 19. bxc3 Rxc3 20. Be1 Rc6 21.
Bb4 g6 22. Rd2 f6 23. hxg6 hxg6 24. Rhd1 fxg5 25. Bxd6 Nxd6 26. Rxd6 g4 27.
Rxc6 Bxc6 28. Rd6  1/2-1/2

[Event "Haustmót Taflfélags Reykjavíkur 2015, B flokkur"]
[Site "Faxafen 12, Reykjavík"]
[Date "2015.09.20"]
[Round "3.5"]
[White "Ragnarsson, Johann"]
[Black "Birkisson, Bjorn Holm"]
[Result "1-0"]
[BlackElo "1907"]
[EventDate "2015.09.13"]
[PlyCount "0"]
[WhiteElo "2033"]

1. d4 Nf6 2. Nc3 d5 3. Bf4 c6 4. e3 Bf5 5. f3 h6 6. g4 Bh7 7. h4 g5 8. Be5 Nbd7
9. hxg5 hxg5 10. Bd3 Bg7 11. Bxh7 Nxe5 12. dxe5 Rxh7 13. Rxh7 Nxh7 14. e6 fxe6
15. Qd3 Nf8 16. Nh3 Bf6 17. f4 gxf4 18. g5 Bxc3+ 19. bxc3 fxe3 20. g6 Qd6 21.
O-O-O O-O-O 22. g7 Qa3+ 23. Kb1 Nd7 24. Qxe3 e5 25. Rg1 Rg8 26. Qf3 Nb6 27.
Qf5+ Kc7 28. Qxe5+ Qd6 29. Qg5 Nc4 30. Re1 e5 31. Nf2 Qa3 32. Nd1 Qd6 33. Rh1
Qd7 34. Rh7 Qf7 35. Rh8 Kb6 36. Rxg8 Qxg8 37. a3 Nxa3+ 38. Ka2 Nc4 39. Qe7 a5
40. Nb2 Nxb2 41. Kxb2 e4 42. Qf8 Qh7 43. g8=Q Qh1 44. Qd8+ Kb5 45. Qc7 a4 46.
Qxb7+ Kc5 47. Qb4#  1-0

[Event "Haustmót Taflfélags Reykjavíkur 2015, B flokkur"]
[Site "Faxafen 12, Reykjavík"]
[Date "2015.09.30"]
[Round "4.1"]
[White "Thorsteinsdottir, Gudlaug"]
[Black "Birkisson, Bjorn Holm"]
[Result "1-0"]
[BlackElo "1907"]
[EventDate "2015.09.13"]
[PlyCount "0"]
[WhiteElo "1934"]

1. d4 Nf6 2. c4 e6 3. Nf3 Bb4+ 4. Bd2 a5 5. a3 Bxd2+ 6. Qxd2 b6 7. g3 Bb7 8. Bg2
O-O 9. Nc3 d6 10. O-O Nbd7 11. Qc2 Qe7 12. e4 e5 13. d5 Ba6 14. Nd2 Ng4 15. h3
Nh6 16. b4 f5 17. exf5 Nxf5 18. Ne2 Rae8 19. Qc3 axb4 20. axb4 Bb7 21. Ra7 Rb8
22. Ne4 Nf6 23. Nxf6+ Qxf6 24. c5 Nd4 25. Nxd4 exd4 26. Qc4 b5 27. Qxb5 Ba8 28.
Qc4 Rf7 29. c6 Qe5 30. b5 Rbf8 31. Qd3 h5 32. h4 Qf6 33. Ra4 Rb8 34. f4 Rff8
35. Bh3 Kh8 36. Re1  1-0

[Event "Haustmót Taflfélags Reykjavíkur 2015, B flokkur"]
[Site "Faxafen 12, Reykjavík"]
[Date "2015.09.30"]
[Round "4.2"]
[White "Stefansson, Vignir Vatnar"]
[Black "Ragnarsson, Johann"]
[Result "1-0"]
[BlackElo "2033"]
[EventDate "2015.09.13"]
[PlyCount "0"]
[WhiteElo "1921"]

1. d4 d5 2. c4 e6 3. Nf3 c6 4. e3 f5 5. Be2 Nf6 6. Ne5 Bd6 7. O-O Nbd7 8. f4 O-O
9. Nc3 Ne4 10. Nxe4 fxe4 11. Bg4 Qe7 12. Bd2 Bxe5 13. fxe5 Rxf1+ 14. Qxf1 b6
15. Rc1 Ba6 16. Qe1 c5 17. cxd5 exd5 18. Qg3 Rf8 19. Qh3 Bb5 20. Be6+ Kh8 21.
Bxd5 Bd3 22. Be6 Nb8 23. d5 Qg5 24. Qg3 Qh5 25. Bc3 Qe2 26. h3 Rf3 27. gxf3
Qxe3+ 28. Kh2 Qxc1 29. fxe4 Bxe4 30. Qf2 Qh1+ 31. Kg3 h5 32. Qf8+ Kh7 33. Qg8+
Kg6 34. Qf7+ Kh6 35. Bd2+ g5 36. Bxg5+  1-0

[Event "Haustmót Taflfélags Reykjavíkur 2015, B flokkur"]
[Site "Faxafen 12, Reykjavík"]
[Date "2015.09.30"]
[Round "4.3"]
[White "Hauksson, Hordur Aron"]
[Black "Birkisson, Bardur Orn"]
[Result "1/2-1/2"]
[BlackElo "1854"]
[EventDate "2015.09.13"]
[PlyCount "0"]
[WhiteElo "1958"]

1. d4 Nf6 2. c4 e6 3. Nf3 Bb4+ 4. Nbd2 b6 5. a3 Bxd2+ 6. Qxd2 Bb7 7. e3 d6 8. b4
Nbd7 9. Bb2 O-O 10. Bd3 Ne4 11. Qc2 f5 12. Nd2 Nxd2 13. Qxd2 a5 14. O-O Rf6 15.
f3 Rh6 16. e4 Qh4 17. g3 Qh5 18. Rf2 axb4 19. axb4 Rxa1+ 20. Bxa1 fxe4 21. fxe4
Nf6 22. d5 e5 23. Rf5 Qg4 24. Qf2 Bc8 25. Rf3 Qg6 26. Qf1 Bh3 27. Qe1 Qh5 28.
Rf2 Ng4 29. Be2 Qg5 30. Bxg4 Bxg4 31. Bc3 Rf6 32. Bd2 Qg6 33. Qe3 Rxf2 34. Kxf2
h6 35. Kg2 Qf6 36. h3 Bd7 37. Qa3 Qg6 38. Qf3 Qf7 39. Qxf7+ Kxf7 40. Be3 Ba4
41. c5 bxc5 42. bxc5  1/2-1/2

[Event "Haustmót Taflfélags Reykjavíkur 2015, B flokkur"]
[Site "Faxafen 12, Reykjavík"]
[Date "2015.09.30"]
[Round "4.4"]
[White "Sigurdsson, Snorri Thor"]
[Black "Moller, Agnar T"]
[Result "0-1"]
[BlackElo "1854"]
[EventDate "2015.09.13"]
[PlyCount "0"]
[WhiteElo "1956"]

1. d4 d5 2. Bf4 Nf6 3. e3 c5 4. Nf3 Nc6 5. Nc3 Bf5 6. Be2 e6 7. O-O Rc8 8. Nh4
Bg6 9. Nxg6 hxg6 10. h3 cxd4 11. exd4 Qb6 12. Bb5 a6 13. Bxc6+ Rxc6 14. Rb1 Be7
15. Ne2 O-O 16. Nc1 Rfc8 17. c3 Rxc3 18. Nd3 Rc2 19. Be3 Bd6 20. Re1 R2c7 21.
Nc5 Qa7 22. Qd3 a5 23. Na4 Rc6 24. Rec1 Rxc1+ 25. Rxc1 Rxc1+ 26. Bxc1 b6 27.
Qb5 Qc7 28. Be3 Nd7 29. g3 Kf8 30. Kg2 Ke7 31. Bg5+ f6 32. Be3 g5 33. b3 Qa7
34. Kf3 Bc7 35. Bc1 Nb8 36. Qd3 Nc6 37. Bb2 Kf7 38. Qb5 Nb8 39. Qd3 Qb7 40. Qh7
Qc6 41. Qh5+ Kg8 42. Qg6 Bd6 43. Kg2 b5 44. Nc5 Bxc5 45. dxc5 d4+ 46. Kg1 e5
47. h4 gxh4 48. gxh4 Na6 49. h5 Nxc5 50. f4 Qe6 51. h6 Qe7 52. Kf1 Ne6 53. fxe5
fxe5 54. hxg7 Qf7+ 55. Qxf7+ Kxf7 56. Ke2 Kxg7 57. Bc1 e4 58. Bd2 a4 59. Ba5
Kf6  0-1

[Event "Haustmót Taflfélags Reykjavíkur 2015, B flokkur"]
[Site "Faxafen 12, Reykjavík"]
[Date "2015.09.30"]
[Round "4.5"]
[White "Sigurjonsson, Siguringi"]
[Black "Jonsson, Olafur Gisli"]
[Result "1-0"]
[BlackElo "1926"]
[EventDate "2015.09.13"]
[PlyCount "0"]
[WhiteElo "1989"]

1. g3 c5 2. Bg2 Nc6 3. c4 e6 4. Nc3 b6 5. b3 Bb7 6. Bb2 Nf6 7. Nf3 a6 8. O-O Qc7
9. e3 Be7 10. d4 cxd4 11. exd4 O-O 12. d5 Na7 13. Rc1 Rac8 14. Ng5 Qb8 15. Re1
Nxd5 16. Nxd5 Bxg5 17. Qg4 exd5 18. Bxg7 Kxg7 19. Qxg5+ Kh8 20. Qf6+ Kg8 21.
Re5 Qxe5 22. Qxe5 Rfe8 23. Qg5+ Kf8 24. Bxd5 Bxd5 25. Qxd5 Nc6 26. Qxd7 Red8
27. Qg4 Nb4 28. a3 Nc6 29. Rd1 Re8 30. Qh5 Kg8 31. Qg5+ Kf8 32. Qh6+ Kg8 33.
Rd5 Ne7 34. Rg5+ Ng6 35. h4  1-0

[Event "Haustmót Taflfélags Reykjavíkur 2015, B flokkur"]
[Site "Faxafen 12, Reykjavík"]
[Date "2015.10.04"]
[Round "5.2"]
[White "Moller, Agnar T"]
[Black "Sigurjonsson, Siguringi"]
[Result "1-0"]
[BlackElo "1989"]
[EventDate "2015.09.13"]
[PlyCount "0"]
[WhiteElo "1854"]

1. e4 e6 2. Nc3 d5 3. d4 Bb4 4. e5 c5 5. Qg4 Ne7 6. Nf3 Nf5 7. h4 Nc6 8. Bb5 Bd7
9. Bxc6 Bxc6 10. Bd2 Qb6 11. a3 Ba5 12. dxc5 Qa6 13. b4 h5 14. Qf4 Bc7 15. a4
b5 16. O-O bxa4 17. Rfb1 Rb8 18. Nd4 Nxd4 19. Qxd4 O-O 20. Ra3 f6 21. Bf4 Qc4
22. Qxc4 dxc4 23. b5 fxe5 24. Be3 Bd5 25. Rxa4 Ra8 26. Rba1 Rfb8 27. Rxa7 Rxa7
28. Rxa7 Bd8 29. c6 Rc8 30. Rd7 Bxc6 31. bxc6 Ba5 32. Ne4 Rxc6 33. Ng5 Kf8 34.
Rf7+ Ke8 35. Rxg7 Rd6 36. Kh2 c3 37. Ra7 Bd8 38. Nf7 Rc6 39. Nxd8 Kxd8 40. Ra5
Rd6 41. Rc5  1-0

[Event "Haustmót Taflfélags Reykjavíkur 2015, B flokkur"]
[Site "Faxafen 12, Reykjavík"]
[Date "2015.10.04"]
[Round "5.3"]
[White "Birkisson, Bardur Orn"]
[Black "Sigurdsson, Snorri Thor"]
[Result "1-0"]
[BlackElo "1956"]
[EventDate "2015.09.13"]
[PlyCount "0"]
[WhiteElo "1854"]

1. e4 e6 2. d4 d5 3. Nd2 c5 4. Ngf3 cxd4 5. exd5 Qxd5 6. Bc4 Qd6 7. O-O Nf6 8.
Nb3 Nc6 9. Nbxd4 Nxd4 10. Nxd4 a6 11. Re1 Qc7 12. Bb3 Bd6 13. Nf5 Bxh2+ 14. Kh1
O-O 15. Nxg7 Kxg7 16. Qd4 e5 17. Qh4 Ng4 18. Bh6+ Nxh6 19. Qg5+ Kh8 20. Qxh6
Bf5 21. Qf6+ Kg8 22. Qxf5 Bf4 23. g3 Bh6 24. Rxe5 Rad8 25. Rae1 Qc6+ 26. Kg1
Rd6 27. Re7 Rf6 28. Qe4 Qc5 29. Qe2 b5 30. c3 Bg7 31. Re5 Qb6 32. Qe3 Qb7 33.
Bd5 Qc8 34. Rh5 Qg4 35. Rh4 Qd7 36. Be4 h6 37. Bc2 Re6 38. Re4 Rfe8 39. Qf3
Rxe4 40. Bxe4 Re6 41. Rd1 Qe7 42. Bd5 Re5 43. Kg2 Bf6 44. b3 Re2 45. Rh1 Bg5
46. Bxf7+ Kg7 47. Bh5 Rxa2 48. Rd1 Rd2 49. Qc6 Rxd1 50. Qg6+ Kh8 51. Bxd1 Qf6
52. Qe8+ Kg7 53. c4 bxc4 54. bxc4 Qd6 55. Bf3 Qc7 56. Bd5 a5 57. Qg8+ Kf6 58.
f4 Bxf4 59. gxf4 Qxf4 60. Qf7+ Ke5 61. Qc7+ Kf5 62. Qf7+ Ke5 63. Qc7+ Kf5 64.
Be6+ Ke4 65. Qxf4+ Kxf4 66. c5 Ke5 67. Bc4 Kd4 68. c6 Kxc4 69. c7 a4 70. c8=Q+
Kb3 71. Qb7+ Ka2 72. Kf2 a3 73. Ke2  1-0

[Event "Haustmót Taflfélags Reykjavíkur 2015, B flokkur"]
[Site "Faxafen 12, Reykjavík"]
[Date "2015.10.04"]
[Round "5.5"]
[White "Birkisson, Bjorn Holm"]
[Black "Stefansson, Vignir Vatnar"]
[Result "0-1"]
[BlackElo "1921"]
[EventDate "2015.09.13"]
[PlyCount "0"]
[WhiteElo "1907"]

1. e4 c5 2. f4 e6 3. Nf3 a6 4. Be2 b5 5. O-O Bb7 6. d3 Be7 7. Be3 d5 8. exd5
Bxd5 9. Nc3 Nf6 10. Nxd5 Nxd5 11. Qd2 Nc6 12. Rad1 Qc7 13. Kh1 Rd8 14. Qc1 Ncb4
15. c3 Nxe3 16. Qxe3 Nd5 17. Qf2 Qxf4 18. g3 Qe3 19. Qg2 O-O 20. Rde1 Qh6 21.
Rg1 b4 22. cxb4 Nxb4 23. d4 cxd4 24. Rd1 d3 25. Bf1 Bc5 26. a3 Bxg1 27. Qxg1
Nc2 28. Rxd3 Qc1 29. Be2 Qxg1+ 30. Kxg1 Rxd3 31. Bxd3 Ne3 32. Bxa6 Rb8 33. b4
Nc2 34. b5 Nxa3 35. Nd4 Rb6 36. Kf2 e5 37. Nf3 f6 38. Bc8 Nxb5 39. Bf5 Nd4 40.
Nxd4 exd4 41. h3 g6 42. Bd3 Kf7 43. Ke2 Ke6 44. Kf2 Ke5 45. Bc4 Ke4 46. Bg8 h6
47. Bh7 f5 48. g4 d3 49. gxf5 gxf5 50. Bg8 Rb2+ 51. Kg3 d2 52. Bb3 Rxb3+ 53.
Kh4 d1=R 54. Kh5 Rxh3+ 55. Kg6 Rd6+ 56. Kf7 Ra3 57. Ke7 Rb6 58. Kd7 Ra7+ 59.
Kc8 h5 60. Kd8 Rb8#  0-1